000 00941nam a22002897a 4500
003 CHAP
005 20220329134826.0
008 971013s1985 r 00010 d
010 _a26544
011 _a27516
035 _a31617
040 _cCHAP
082 _a634.928
_bI8
100 0 0 _aIslas Gutiérrez, Fabián.
_960597
245 _aMarco de referencia del proyecto manejo de bosques naturales
260 _aMéxico, D.F. :
_bWIF,
_c1985
300 _a144 p
590 _aBATCH-UPD
_b10
_c20130110
_lUCH01
_h2136
590 _aBATCH-UPD
_b10
_c20130410
_lUCH01
_h1445
590 _aBATCH-UPD
_b10
_c20130914
_lUCH01
_h0710
590 _aCONVERSION
_b10
_c20130109
_lUCH01
_h1315
650 1 4 _aBosques
_xAdministración
_zMéxico.
_914040
901 _aBK
942 _cLIBRO
949 _a634.928 I8
_bBC
_cLIBRO
_d33724000246146
_eLIBRO
_h71509
_i31617
_mD
_si
949 _a634.928 I8
_bBC
_cLIBRO
_d33724000246153
_eLIBRO
_fc.2
_h71510
_i31617
_mD
_si
999 _c26544
_d26544